Pays de la coupe du monde de rugby 2027 - Statistiques

Statistiques générales
  • Ce quiz a été pris 62 fois
  • Le résultat moyen est 21 sur 24
Statistiques - réponses
Poule Pays % Correct
Poule D Irlande
100%
Poule C Fidji
100%
Poule F Angleterre
100%
Poule E France
100%
Poule B Italie
98%
Poule E États-Unis
98%
Poule C Argentine
98%
Poule A Nouvelle-Zélande
98%
Poule D Portugal
98%
Poule D Écosse
96%
Poule C Espagne
96%
Poule B Afrique du Sud
96%
Poule C Canada
93%
Poule A Australie
91%
Poule E Samoa
89%
Poule F Tonga
89%
Poule E Japon
89%
Poule F Pays de Galles
83%
Poule B Roumanie
80%
Poule B Géorgie
78%
Poule A Chili
74%
Poule D Uruguay
74%
Poule F Zimbabwe
65%
Poule A Hong Kong
48%
Aucun quiz correspondant
Distribution des résultats
% des personnes avec chaque résultat
Percentile par nombre de réponses
Votre historique - résultats
Vous n’avez pas pris ce quiz